000 00444nam a2200181Ia 4500
001 4517
005 20260306145802.0
008 260306t2016||||xx |||||||||||||| ||spa||
041 _aESP
082 _a323.94
_bI455
100 _aInnerarity, Daniel,
_eAUT
245 0 _aDerechos humanos y políticas públicas europeas
260 _c2016
300 _a291 páginas :
_c24 cm.
650 _aGEN
654 _aCHU
942 _cLIB
_dJUS
_fJUS
_2ddc
_n
999 _c4517
_d4517